Statistical physics (Record no. 4380)

MARC details
000 -LEADER
fixed length control field 00636nam a2200229Ia 4500
003 - CONTROL NUMBER IDENTIFIER
control field IN-BaIIA
008 - FIXED-LENGTH DATA ELEMENTS--GENERAL INFORMATION
fixed length control field 211028s9999 xx 000 0 eng d
020 ## - INTERNATIONAL STANDARD BOOK NUMBER
International Standard Book Number 0-8-009103-2
040 ## - CATALOGING SOURCE
Transcribing agency IIA Library
080 ## - UNIVERSAL DECIMAL CLASSIFICATION NUMBER
Universal Decimal Classification number 530.1
Item number LAN-4
100 ## - MAIN ENTRY--PERSONAL NAME
Personal name Landau, L. D
9 (RLIN) 3500
245 #0 - TITLE STATEMENT
Title Statistical physics
Statement of responsibility, etc. L. D. Landauand E. M. Lifshitz
250 ## - EDITION STATEMENT
Edition statement 2nd ed.
260 ## - PUBLICATION, DISTRIBUTION, ETC.
Place of publication, distribution, etc. Oxford
Name of publisher, distributor, etc. Pergamon Press
Date of publication, distribution, etc. 1969
300 ## - PHYSICAL DESCRIPTION
Extent xii, 484p.
490 ## - SERIES STATEMENT
Series statement Their Course of theoretical physics; v. 5
650 ## - SUBJECT ADDED ENTRY--TOPICAL TERM
Topical term or geographic name entry element NASA thesaurus
650 ## - SUBJECT ADDED ENTRY--TOPICAL TERM
Topical term or geographic name entry element Statistical physics
9 (RLIN) 4158
650 ## - SUBJECT ADDED ENTRY--TOPICAL TERM
Topical term or geographic name entry element Theoretical physics
9 (RLIN) 1581
700 ## - ADDED ENTRY--PERSONAL NAME
Personal name Lifshitz, E. M.
942 ## - ADDED ENTRY ELEMENTS (KOHA)
Koha item type Books
Holdings
Withdrawn status Lost status Damaged status Not for loan Home library Current library Shelving location Date acquired Cost, normal purchase price Total Checkouts Full call number Barcode Date last seen Cost, replacement price Price effective from Koha item type Purchase Price
        IIA Library-Bangalore IIA Library-Bangalore General Stacks 23/03/1974 95.00   530.1/ LAN-4 4887 05/11/2021 95.00 23/03/1974 Books Rs. 95.00

Powered by Koha